Statistics for Australian State and Territory Abbreviations

Click here to take the quiz!

General Stats

  • This quiz has been taken 76 times
  • The average score is 8 of 8

Answer Stats

HintAnswer% Correct
Australian Capital TerritoryACT
100%
New South WalesNSW
100%
Northern TerritoryNT
100%
South AustraliaSA
100%
Western AustraliaWA
97%
TasmaniaTAS
95%
VictoriaVIC
95%
QueenslandQLD
87%

Score Distribution

Percentile by Number Answered

Percent of People with Each Score

Your Score History

You have not taken this quiz